Qui détient ces records du monde ? - Natation - Statistiques

Statistiques générales
  • Ce quiz a été pris 171 fois
  • Le résultat moyen est 17 sur 42
Statistiques - réponses
Épreuve Temps Athlète Nationalité % Correct
200m quatre nages H 1min 52s 69 Léon Marchand France
97%
400m quatre nages H 4min 02s 50 Léon Marchand France
97%
800m nage libre F 8min 04s 12 Katie Ledecky États Unis
66%
1500m nage libre F 15min 20s 48 Katie Ledecky États Unis
66%
4x100m nage libre M 3min 18s 48 États Unis (Jack Alexy, Patrick Sammon, Kate Douglass, Torri Huske)
64%
4x100m nage libre H 3min 08s 24 États Unis (Michael Phelps, Garrett Weber-Gale, Cullen Jones, Jason Lezak)
64%
4x200m nage libre H 6min 58s 55 États Unis (Michael Phelps, Ricky Berens, David Walters, Ryan Lochte)
64%
4x100m quatre nages F 3min 49s 34 États Unis (Regan Smith, Kate Douglass, Gretchen Walsh), Torri Huske)
64%
4x100m quatre nages H 3min 26s 78 États Unis (Ryan Murphy, Michael Andrew, Caeleb Dressel, Zach Apple)
64%
50m brasse H 25,95s Adam Peaty Royaume Uni
63%
100m brasse H 56,88s Adam Peaty Royaume Uni
63%
50m nage libre H 20,91s Cesar Cielo Brésil
63%
400m nage libre F 3min 51s 18 Summer McIntosh Canada
60%
200m quatre nages F 2min 05s 70 Summer McIntosh Canada
60%
400m quatre nages F 4min 23s 65 Summer McIntosh Canada
60%
100m papillon H 49,95s Caeleb Dressel États Unis
55%
200m papillon H 1min 50s 34 Kristof Milak Hongrie
54%
100m dos H 51,60s Thomas Ceccon Italie
52%
100m nage libre H 46,40s Pan Zhanle Chine
50%
4x100m nage libre F 3min 27s 96 Australie (Mollie O'Callaghan, Shayna Jack, Meg Harris, Emma McKeon)
41%
4x200m nage libre F 7min 37s 50 Australie (Shayna Jack, Brianna Throssel, Mollie O'Callaghan, Ariarne Titmus)
41%
50m nage libre F 23,61s Sarah Sjöström Suède
41%
100m nage libre F 51,71s Sarah Sjöström Suède
41%
50m papillon F 24,43s Sarah Sjöström Suède
41%
200m nage libre H 1min 42s 00 Paul Biedermann Allemagne
32%
50m dos F 26,86s Kaylee McKeown Australie
23%
200m dos F 2min 03s 14 Kaylee McKeown Australie
23%
200m nage libre F 1min 52s 23 Ariarne Titmus Australie
21%
100m dos F 57,13s Regan Smith États Unis
21%
100m papillon F 54,60s Gretchen Walsh États Unis
20%
400m nage libre H 3min 39s 96 Lukas Martens Allemagne
18%
200m brasse H 2min 05s 48 Qin Haiyang Chine
18%
4x100m quatre nages M 3min 37s 58 Royaume Uni (Kathleen Dawson, Adam Peaty, James Guy, Anna Hopkin)
18%
50m dos H 23,55s Kliment Kolesnikov Russie
15%
1500m nage libre H 14min 30s 67 Bobby Finke États Unis
14%
100m brasse F 1min 04s 13 Lilly King États Unis
13%
800m nage libre H 7min 32s 12 Lin Zhang Chine
10%
200m dos H 1min 51s 92 Aaron Peirsol États Unis
8%
50m brasse F 29,16s Ruta Meilutyte Lituanie
8%
50m papillon H 22,27s Andriy Govorov Ukraine
7%
200m brasse F 2min 17s 55 Evgeniia Chikunova Russie
2%
200m papillon F 2min 01s 81 Zige Liu Chine
1%
Aucun quiz correspondant
Distribution des résultats
% des personnes avec chaque résultat
Percentile par nombre de réponses
Votre historique - résultats
Vous n’avez pas pris ce quiz